Italien Verbes - Statistiques

Statistiques générales
  • Ce quiz a été pris 36 fois
  • Le résultat moyen est 15 sur 37
Statistiques - réponses
Hint Réponse % Correct
Faire fare
92%
Aller andarre
88%
Etre essere
79%
Parler parlare
75%
Jouer giocare
71%
Ecrire scrivere
71%
Cuisiner cucinare
67%
Donner dare
58%
Savoir sapere
58%
Croire credere
54%
Continuer continuare
50%
Danser ballare
46%
Commencer iniziare
46%
Sortir uscire
46%
Demander chiedere
42%
Nager nuotare
42%
Rire ridere
42%
Accepter accettare
38%
changer cambiare
38%
motiver motivare
38%
pleurer piangere
38%
Essayer provare
38%
Espérer sperare
33%
Designer designare
29%
Résister resistere
29%
Skier sciare
29%
Découvrir scoprire
29%
Rêver sognare
29%
Grandir/évoluer crescere
25%
Lutter lottare
25%
Désirer desiderare
13%
Dessiner disegnare
13%
Pousser spingere
13%
Frapper colpire
8%
S'investir impegnarsi
4%
Poursuivre inseguire
4%
Surmonter superare
4%
Aucun quiz correspondant
Distribution des résultats
% des personnes avec chaque résultat
Percentile par nombre de réponses
Votre historique - résultats
Vous n’avez pas pris ce quiz